书目信息 |
| 书名: | Polymer Science and Technology | |
| 作者: | by Joel R.Fried. | |
| 分册号: | ||
| 分册名: | 出版地: | 北京 : |
|
| 出版社: | 化学工业出版社 | |
| 出版时间: | 2005. | |
| 页数: | 582 p. ; | |
| 开本: | 26cm. | |
| 丛书名: | ||
| 中图分类号: | ||
| 科图分类号: | ||
| 其他分类号: | TQ31 | |
| 主题词: | ||
| 电子资源: | ||
| 000 | 00563nam 2200193 a 4500 | |
| 001 | E0837301479 | |
| 005 | 20080422102439.32 | |
| 008 | 080422s2005 00010 eng | |
| 020 | @a978-7-5025-6825-2 :@cCNY68.00. | |
| 040 | @aPFT@bchi | |
| 041 | @aeng@heng | |
| 090 | @aTQ31 | |
| 099 | @dTQ31@ex9 | |
| 245 | @aPolymer Science and Technology / @cby Joel R.Fried. | |
| 246 | @a聚合物科学与工程 | |
| 250 | @a本书英文版由化学工业出版社和培生教育出版亚洲有限公司合作出版. | |
| 260 | @a北京 :@b化学工业出版社,@c2005. | |
| 300 | @a582 p. ;@c26cm. | |
| 500 | @a国外名校名著 | |
| Polymer Science and Technology / / by Joel R.Fried.-本书英文版由化学工业出版社和培生教育出版亚洲有限公司合作出版.-北京 : : 化学工业出版社, , 2005. |
| 582 p. ; ; 26cm. |
| 国外名校名著 |
| ISBN 978-7-5025-6825-2 :CNY68.00. |
| ● |
| 相关链接 |
|
|
|
|
正题名:Polymer Science and Technology
索取号:TQ31/x9
 
预约/预借
| 序号 | 登录号 | 条形码 | 馆藏地/架位号 | 状态 | 备注 |
| 1 | 0017641 | 300176413 | 第二样本阅览室/ [索取号:TQ31/x9] | 在馆 | |
| 2 | 0017642 | 300176422 | 第四借阅区/ [索取号:TQ31/x9] | 在馆 | |
| 3 | 0017643 | 300176431 | 第四借阅区/ [索取号:TQ31/x9] | 在馆 | |
| 4 | 0017644 | 300176440 | 第四借阅区/ [索取号:TQ31/x9] | 在馆 |